00396nam a2200157Ia 450000500170000000800410001702000180005805000220007610000300009824500390012826000300016730000200019744000060021752100070022352600080023020140402154915.0140130s9999 xx 000 0 und d a9780439597524 aPZ 7 b.N333 2003 aNaylor, Phyllis Reynolds  cPhyllis Reynolds Naylor.aShiloh / bScholastic,c2003.aUSA : a137 p.:c24 cm. v1 aG7 c890